Vista normal
Vista MARC
Entrada Materia (geográfica)
Número de registros utilizados en: 2
001 - CONTROL NUMBER
- control field: 95999
003 - CONTROL NUMBER IDENTIFIER
- control field: Co-BoUCM
005 - DATE AND TIME OF LATEST TRANSACTION
- control field: 20190412091834.0
008 - FIXED-LENGTH DATA ELEMENTS
- fixed length control field: 190412|| aca||aabn | a|a d
040 ## - CATALOGING SOURCE
- Original cataloging agency: Co-BoUCM
- Transcribing agency: Co-BoUCM
151 ## - HEADING--GEOGRAPHIC NAME
- Geographic name: Francia
- General subdivision: Política y gobierno
- Chronological subdivision: 1958-1969
670 ## - SOURCE DATA FOUND
- Source citation: Work cat.: (Co-BoUCM)311618: A chacun son mai?, [2011]